10 Most Deadly Wars of the last two centuries - Statistics

General Stats
  • This quiz has been taken 37 times
  • The average score is 5 of 10
Answer Stats
Years War % Correct
1914-1918 World War I
100%
1939-1945 World War II
100%
1955-1975 Vietnam War
80%
1950-1953 Korean War
74%
1917-1923 Russian Civil War
37%
1927-1949 The Chinese Civil War
37%
1980-1988 Iran-Iraq War
29%
1937-1945 Second Sino-Japanese War
20%
1998-2003 Congo Civil War
14%
1971 Bangladesh Liberation War
9%
No matching quizzes found
Score Distribution
Percent of People with Each Score
Percentile by Number Answered
Your Score History
You have not taken this quiz